| 000 | 00586nam a2200181Ia 4500 | ||
|---|---|---|---|
| 008 | 100921s9999 xx 000 0 und d | ||
| 082 |
_b15531 _a891.433 थ 78 |
||
| 100 | _aशुक्ल कमल. | ||
| 245 | _aदर्दकी तसवीरे. | ||
| 260 |
_b--- _c1978 |
||
| 300 |
_a148 _b--- |
||
| 365 | _b3 | ||
| 520 | _aललित -हिंदी-कथा,कादं. | ||
| 630 | _aदर्दकी तसवीरे. | ||
| 650 | _aललित -हिंदी-कथा,कादं. | ||
| 730 | _aदर्दकी तसवीरे. | ||
| 942 | _cBOOK | ||
| 999 |
_c764644 _d764641 |
||